| 000 | 00693nam a22001937a 4500 | ||
|---|---|---|---|
| 003 | OSt | ||
| 005 | 20180116183041.0 | ||
| 008 | 160223b xxu||||| |||| 00| 0 eng d | ||
| 020 | _a16-290-2013-2 | ||
| 024 | _216-290-2013-2 | ||
| 040 | _cLahore University of Management Sciences | ||
| 082 | _a174.4 LUM 2013 | ||
| 100 | _aMAHMUD T | ||
| 245 |
_aTHE WORKING OF THE FEDERAL GOVERNMENT AND THE DECISION-MAKING PROCESSES: STATUTORY INSTITUTIONS _cMAHMUD T |
||
| 260 |
_aLahore _bLahore University of Management Sciences _c2013 |
||
| 300 |
_a21 p. _bPappers |
||
| 440 | _aTHE WORKING OF THE FEDERAL GOVERNMENT AND THE DECISION-MAKING PROCESSES: STATUTORY INSTITUTIONS | ||
| 942 |
_2ddc _cCS |
||
| 999 |
_c351263 _d351263 |
||